Capitals of Asia-Sudden Death-The Content Update - Statistiques

Statistiques générales
  • Ce quiz a été pris 55 fois
  • Le résultat moyen est 5 sur 8
Answers on the Grid
Answers color-coded by a green-red scale on the quiz's grid according to % correct below.
Moscow
Ulaanbaatar
Astana
Cairo
Jakarta
La Paz
Calcutta
Bagdad
Doha
Tehran
Kuala Lumpur
Shanghai
Sanaa
Karachi
 
Statistiques - réponses
Réponse % Correct
Kuala Lumpur
75%
Ulaanbaatar
75%
Bagdad
69%
Jakarta
69%
Doha
63%
Tehran
63%
Astana
50%
Sanaa
50%
Aucun quiz correspondant
Distribution des résultats
% des personnes avec chaque résultat
Percentile par nombre de réponses
Votre historique - résultats
Vous n’avez pas pris ce quiz